000 00338nam a2200121 a 4500
005 20140414131946.0
008 110201s19uu xx 00 eng d
050 _aTR 371.3078
_bSch3 2007
100 _aSchwartz, Betty Ann
245 _aSpinnables :
_bThe spinning book of colors, shapes, and numbers.
999 _c112695
_d112695